IT and the Chartered Surveyor - a CPD study pack (Record no. 100632)

MARC details
000 -LEADER
fixed length control field 00834cam a2200277 4500
001 - CONTROL NUMBER
control field
008 - FIXED-LENGTH DATA ELEMENTS--GENERAL INFORMATION
fixed length control field 000000n2000 000 0 eng u
020 ## - INTERNATIONAL STANDARD BOOK NUMBER
International Standard Book Number 1899769536
035 ## - SYSTEM CONTROL NUMBER
System control number (Sirsi) u106839
100 ## - MAIN ENTRY--PERSONAL NAME
Personal name Cherry, Stephen
245 ## - TITLE STATEMENT
Title IT and the Chartered Surveyor - a CPD study pack
260 ## - PUBLICATION, DISTRIBUTION, ETC.
Place of publication, distribution, etc. Oxford
Name of publisher, distributor, etc. College of Estate Management
Date of publication, distribution, etc. 2000
300 ## - PHYSICAL DESCRIPTION
Extent v,22p.
Dimensions 30cm. + 1 audio cassette (ca. 60 min.)
490 ## - SERIES STATEMENT
Series statement College of Estate Management CPD Study Pack
520 ## - SUMMARY, ETC.
Summary, etc. Superseded by second edition (ISBN 1904388132).
650 ## - SUBJECT ADDED ENTRY--TOPICAL TERM
Topical term or geographic name entry element INTERNET
650 ## - SUBJECT ADDED ENTRY--TOPICAL TERM
Topical term or geographic name entry element E-MAIL
650 ## - SUBJECT ADDED ENTRY--TOPICAL TERM
Topical term or geographic name entry element AUDIO CASSETTES
650 ## - SUBJECT ADDED ENTRY--TOPICAL TERM
Topical term or geographic name entry element CPD
650 ## - SUBJECT ADDED ENTRY--TOPICAL TERM
Topical term or geographic name entry element INTRANET
650 ## - SUBJECT ADDED ENTRY--TOPICAL TERM
Topical term or geographic name entry element TELECOMMUNICATIONS
650 ## - SUBJECT ADDED ENTRY--TOPICAL TERM
Topical term or geographic name entry element COMMUNICATIONS
650 ## - SUBJECT ADDED ENTRY--TOPICAL TERM
Topical term or geographic name entry element WORKSTYLES
690 ## - LOCAL SUBJECT ADDED ENTRY--TOPICAL TERM (OCLC, RLIN)
Topical term or geographic name as entry element MANAGEMENT-BUSINESS MANAGEMENT-INFORMATION MANAGEMENT
942 ## - ADDED ENTRY ELEMENTS (KOHA)
Suppress in OPAC 0
Holdings
Withdrawn status Lost status Source of classification or shelving scheme Damaged status Not for loan Home library Current library Shelving location Date acquired Cost, normal purchase price Total Checkouts Full call number Barcode Date last seen Date last checked out Copy number Cost, replacement price Price effective from Koha item type
    Dewey Decimal Classification     London London Basement 30/06/2000 28.05 15 SHELF 330 30061730 06/08/2019 11/09/2003 1 28.05 06/08/2019 Audio